000
00313nam a2200121Ia 4500
008
190802s9999 xx 000 0 und d
020
_a
0-19-806227-3
100
_a
B.P.Lathi
245
0
_a
Principles of Linear Systems and Signals
260
_a
USA
_b
Oxford University Press
_c
2015
300
_a
969:P
942
_c
BK
999
_c
2232
_d
2232